Real estate in corporate strategy. (Record no. 115211)

MARC details
000 -LEADER
fixed length control field 00882cam a22002295a 4500
001 - CONTROL NUMBER
control field L158228
008 - FIXED-LENGTH DATA ELEMENTS--GENERAL INFORMATION
fixed length control field 141022s2007 xxk f 000 0 eng d
020 ## - INTERNATIONAL STANDARD BOOK NUMBER
International Standard Book Number 9784492555422
035 ## - SYSTEM CONTROL NUMBER
System control number (Sirsi) u158228
041 ## - LANGUAGE CODE
Language code of text/sound track or separate title jap
050 ## - LIBRARY OF CONGRESS CALL NUMBER
Classification number 333.33
100 ## - MAIN ENTRY--PERSONAL NAME
Personal name Weatherhead, Marion
245 ## - TITLE STATEMENT
Title Real estate in corporate strategy.
260 ## - PUBLICATION, DISTRIBUTION, ETC.
Place of publication, distribution, etc. Basingstoke
Name of publisher, distributor, etc. Palgrave Macmillan
Date of publication, distribution, etc. 2007
300 ## - PHYSICAL DESCRIPTION
Extent xiv, 356p ; 24cm.
520 ## - SUMMARY, ETC.
Summary, etc. Looks at the inportance of property for businesses in the UK, its place in corporate strategy, ownership choices, development, management and a number of case studies including Marks & Spencer and Boots.
520 ## - SUMMARY, ETC.
Summary, etc. Translated into Japanese and published by arrangement with Palgrave Macmillan through English Agency (Japan) Ltd.
651 #4 - SUBJECT ADDED ENTRY--GEOGRAPHIC NAME
Geographic name ENGLAND AND WALES
690 ## - LOCAL SUBJECT ADDED ENTRY--TOPICAL TERM (OCLC, RLIN)
Topical term or geographic name as entry element Commercial property
9 (RLIN) 6227
942 ## - ADDED ENTRY ELEMENTS (KOHA)
Suppress in OPAC 0
948 ## - LOCAL PROCESSING INFORMATION (OCLC); SERIES PART DESIGNATOR (RLIN)
c (OCLC) 04/03/1997
Holdings
Withdrawn status Lost status Source of classification or shelving scheme Damaged status Not for loan Home library Current library Shelving location Date acquired Total Checkouts Full call number Barcode Date last seen Copy number Price effective from Koha item type
    Dewey Decimal Classification     London London Books 22/10/2014   333.33 WEA 30075185 06/08/2019 1 06/08/2019 Book